[Event "Titled Tuesday intern op 05th Sep Late"]
[Site "Chess.com INT"]
[Date "2023.09.05"]
[Round "8"]
[White "Khalikov, Bulat"]
[Black "Wu, Derek"]
[Result "1-0"]
[WhiteElo "2171"]
[BlackElo "2255"]
[PlyCount "93"]
[EventDate "2023.09.05"]
[EventType "swiss (blitz)"]
[EventRounds "11"]
[EventCountry "USA"]
[SourceTitle "EXT 2024"]
[Source "ChessBase"]
[SourceDate "2023.10.10"]
[SourceVersion "1"]
[SourceVersionDate "2023.10.10"]
[SourceQuality "1"]

1. e4 c5 2. Nf3 d6 3. d4 cxd4 4. Nxd4 Nf6 5. Nc3 a6 6. Bg5 e6 7. f4 Qc7 8. Bxf6 gxf6 9. Qd2 b5 10. a3 Bb7 11. 0-0-0 Nc6 12. Kb1 h5 13. f5 Nxd4 14. Qxd4 Be7 15. g3 0-0-0 16. fxe6 fxe6 17. Bh3 Qd7 18. Qa7 f5 19. Nd5 Bxd5 20. Qxd7+ Kxd7 21. exd5 Rdf8 22. dxe6+ Kxe6 23. Rhf1 Rf6 24. Rxf5 Rxf5 25. Re1+ Kf7 26. Bxf5 Bf6 27. c3 Be5 28. Re2 Kf6 29. Rf2 Kg5 30. h4+ Kh6 31. g4 hxg4 32. Bxg4 Kg6 33. h5+ Kg5 34. Be2 Rc8 35. Kc2 Rh8 36. Rg2+ Kf4 37. Kd3 Bf6 38. Rg6 Kf5 39. Bf3 Re8 40. Be4+ Ke5 41. Rg4 d5 42. Bg6 Rh8 43. a4 Rb8 44. axb5 Rxb5 45. Kc2 a5 46. h6 Rb7 47. Ra4 1-0

[Event "Titled Tuesday intern op 29th Aug Late"]
[Site "Chess.com INT"]
[Date "2023.08.29"]
[Round "3"]
[White "Bogaudinov, Rushan"]
[Black "Khalikov, Bulat"]
[Result "0-1"]
[WhiteElo "1853"]
[BlackElo "2171"]
[PlyCount "104"]
[EventDate "2023.08.29"]
[EventType "swiss (blitz)"]
[EventRounds "11"]
[EventCountry "USA"]
[SourceTitle "EXT 2024"]
[Source "ChessBase"]
[SourceDate "2023.10.10"]
[SourceVersion "1"]
[SourceVersionDate "2023.10.10"]
[SourceQuality "1"]

1. d4 d5 2. g3 Nf6 3. Bg2 c5 4. Nf3 cxd4 5. Nxd4 e5 6. Nb3 Nc6 7. 0-0 Be6 8. Nc3 Be7 9. Bg5 d4 10. Nb1 0-0 11. N1d2 Bd5 12. Bxf6 Bxf6 13. Bxd5 Qxd5 14. f3 Bg5 15. Kg2 f5 16. c4 dxc3 17. bxc3 Rad8 18. c4 Qd6 19. Qc2 Nd4 20. Nxd4 Qxd4 21. Nb3 Qe3 22. Rad1 e4 23. f4 Bf6 24. Rxd8 Rxd8 25. Rd1 Qb6 26. c5 Qe6 27. Rxd8+ Bxd8 28. Nd4 Qd5 29. e3 Bf6 30. Qb3 Qxb3 31. Nxb3 Kf7 32. Na5 b6 33. cxb6 axb6 34. Nc4 Bd8 35. h3 Ke6 36. g4 g6 37. Kf2 Kd5 38. Nd2 Kc5 39. g5 Kb4 40. Nb1 Kc4 41. Ke2 b5 42. Kd2 Ba5+ 43. Kc2 Bb4 44. Nd2+ Bxd2 45. Kxd2 Kb4 46. Kc2 Ka3 47. Kb1 b4 48. h4 b3 49. axb3 Kxb3 50. Kc1 Kc3 51. Kd1 Kd3 52. Ke1 Kxe3 0-1

[Event "Titled Tuesday intern op 29th Aug Late"]
[Site "Chess.com INT"]
[Date "2023.08.29"]
[Round "10"]
[White "Khalikov, Bulat"]
[Black "Goltsev, Dmitry"]
[Result "0-1"]
[WhiteElo "2171"]
[BlackElo "2251"]
[PlyCount "138"]
[EventDate "2023.08.29"]
[EventType "swiss (blitz)"]
[EventRounds "11"]
[EventCountry "USA"]
[SourceTitle "EXT 2024"]
[Source "ChessBase"]
[SourceDate "2023.10.10"]
[SourceVersion "1"]
[SourceVersionDate "2023.10.10"]
[SourceQuality "1"]

1. e4 e6 2. d4 d5 3. Nc3 c5 4. exd5 exd5 5. Bb5+ Nc6 6. Nf3 Nf6 7. 0-0 Be7 8. dxc5 Bxc5 9. Re1+ Be6 10. Ne5 0-0 11. Bxc6 bxc6 12. Bg5 Qb6 13. Nd3 Be7 14. Nf4 Ng4 15. Nxe6 Nxf2 16. Qd4 fxe6 17. Qxb6 axb6 18. Bxe7 Rf7 19. Rxe6 Re8 20. Rae1 d4 21. Nb1 d3 22. cxd3 Nxd3 23. R1e3 Nf4 24. R6e4 Nd5 25. Bg5 Ref8 26. Re1 h6 27. Bh4 Nf4 28. Bg3 Nd3 29. Rd1 Nxb2 30. Rc1 Nd3 31. Rd1 Nb2 32. Rde1 Nd3 33. Rd1 Nc5 34. Ree1 Ra8 35. Re2 b5 36. Nc3 Ra3 37. Ne4 Nd3 38. Nd6 Rfa7 39. Red2 Nc5 40. Nc8 Ra8 41. Ne7+ Kf7 42. Nxc6 Ne4 43. Rc2 Rxa2 44. Ne5+ Ke6 45. Rxa2 Rxa2 46. Rb1 Nc3 47. Rb3 Ne2+ 48. Kf2 Nd4+ 49. Ke3 Nxb3 50. Nd3 g5 51. h3 Rxg2 52. Be1 Rh2 53. Nf2 Rg2 54. Kf3 Rg1 55. Nd3 Nd4+ 56. Kf2 Rh1 57. Kg2 Rxe1 58. Nxe1 b4 59. Nd3 b3 60. Kf2 Kd5 61. Ke3 Kc4 62. Kd2 Nf3+ 63. Ke3 Kc3 64. Nc5 Ng1 65. Nxb3 Kxb3 66. h4 gxh4 67. Kf2 Nh3+ 68. Kf3 Ng5+ 69. Kg4 h3 0-1

[Event "Titled Tuesday intern op 29th Aug Early"]
[Site "Chess.com INT"]
[Date "2023.08.29"]
[Round "1"]
[White "Khalikov, Bulat"]
[Black "Urazayev, Arystanbek"]
[Result "1-0"]
[WhiteElo "2171"]
[BlackElo "2460"]
[PlyCount "55"]
[EventDate "2023.08.29"]
[EventType "swiss (blitz)"]
[EventRounds "11"]
[EventCountry "USA"]
[SourceTitle "EXT 2024"]
[Source "ChessBase"]
[SourceDate "2023.10.10"]
[SourceVersion "1"]
[SourceVersionDate "2023.10.10"]
[SourceQuality "1"]

1. e4 c5 2. Nf3 d6 3. d4 cxd4 4. Nxd4 Nf6 5. Nc3 Nc6 6. Bg5 e6 7. Qd3 Bd7 8. Ndb5 Nb4 9. Qd2 a6 10. Bxf6 gxf6 11. Nd4 h5 12. a3 Nc6 13. Nxc6 Bxc6 14. 0-0-0 Bh6 15. f4 e5 16. g3 Qe7 17. Bh3 Rd8 18. Kb1 Kf8 19. Nd5 Bxd5 20. Qxd5 exf4 21. Qxh5 Bg7 22. Qg4 Qxe4 23. Rhe1 Qg6 24. Rxd6 Rb8 25. Qd7 Bh6 26. Bf5 Qh5 27. Rxf6 Bg5 28. g4 1-0

[Event "Titled Tuesday intern op 22nd Aug Late"]
[Site "Chess.com INT"]
[Date "2023.08.22"]
[Round "6"]
[White "Chemin, Justo Reinaldo"]
[Black "Khalikov, Bulat"]
[Result "1-0"]
[WhiteElo "2040"]
[BlackElo "2171"]
[PlyCount "153"]
[EventDate "2023.08.22"]
[EventType "swiss (blitz)"]
[EventRounds "11"]
[EventCountry "USA"]
[SourceTitle "EXT 2024"]
[Source "ChessBase"]
[SourceDate "2023.10.10"]
[SourceVersion "1"]
[SourceVersionDate "2023.10.10"]
[SourceQuality "1"]

1. d4 d5 2. Bf4 Nf6 3. e3 c5 4. c3 Nc6 5. Nd2 e6 6. Bd3 Bd6 7. Bg3 Bxg3 8. hxg3 Qd6 9. f4 h5 10. Ngf3 Ng4 11. Qe2 Bd7 12. Ne5 Nf6 13. g4 g6 14. g5 Ng8 15. 0-0-0 Nxe5 16. dxe5 Qb6 17. e4 Ne7 18. exd5 exd5 19. Rhe1 0-0-0 20. c4 Kb8 21. Nf3 d4 22. Nd2 Bg4 23. Nf3 Bf5 24. Rd2 Bxd3 25. Qxd3 Nf5 26. Qb3 Qxb3 27. axb3 Ne3 28. Rde2 Kc7 29. Nd2 Kc6 30. Ne4 b6 31. Nd6 Rd7 32. Ne4 a6 33. Nf6 Rdd8 34. Rxe3 dxe3 35. Rxe3 Rd4 36. g3 h4 37. e6 fxe6 38. Rxe6+ Kb7 39. Re7+ Kc8 40. gxh4 Rxh4 41. Nd5 Rxd5 42. cxd5 Rxf4 43. d6 Rd4 44. Re6 Kd7 45. Rxg6 Rxd6 46. Rxd6+ Kxd6 47. Kd2 Ke6 48. Kd3 Ke5 49. Kc4 Ke6 50. b4 cxb4 51. Kxb4 Kf5 52. Kc4 Ke5 53. g6 Kf6 54. Kd5 Kxg6 55. Kc6 b5 56. Kb6 b4 57. Kxa6 b3 58. Kb5 Kf5 59. Kb4 Ke5 60. Kxb3 Kd5 61. Kb4 Kc6 62. Kc4 Kb6 63. Kb4 Kc6 64. Ka5 Kc7 65. Kb5 Kb7 66. b3 Kc7 67. Ka6 Kc6 68. b4 Kc7 69. b5 Kc8 70. Kb6 Kb8 71. Kc6 Kc8 72. Kb6 Kb8 73. Kc6 Kc8 74. b6 Kb8 75. b7 Ka7 76. Kc7 Ka6 77. b8Q 1-0

[Event "Titled Tuesday intern op 22nd Aug Early"]
[Site "Chess.com INT"]
[Date "2023.08.22"]
[Round "1"]
[White "Cordova, Emilio"]
[Black "Khalikov, Bulat"]
[Result "1-0"]
[WhiteElo "2538"]
[BlackElo "2171"]
[PlyCount "51"]
[EventDate "2023.08.22"]
[EventType "swiss (blitz)"]
[EventRounds "11"]
[EventCountry "USA"]
[SourceTitle "EXT 2024"]
[Source "ChessBase"]
[SourceDate "2023.10.10"]
[SourceVersion "1"]
[SourceVersionDate "2023.10.10"]
[SourceQuality "1"]

1. Nf3 Nf6 2. e3 d5 3. c4 e6 4. Nc3 Be7 5. b3 0-0 6. Bb2 b6 7. cxd5 Nxd5 8. Qc2 Bf6 9. Rd1 Bb7 10. h4 c5 11. Ng5 g6 12. f4 Nc6 13. Nce4 Ncb4 14. Qb1 Bxb2 15. Qxb2 h6 16. a3 Nc6 17. Bc4 Nce7 18. h5 hxg5 19. fxg5 f6 20. gxf6 Nf5 21. hxg6 Nxf6 22. Bxe6+ Kg7 23. Bxf5 Bxe4 24. Rh7+ Kg8 25. Be6+ Rf7 26. Bxf7+ 1-0

[Event "Titled Tuesday intern op 15th Aug Late"]
[Site "Chess.com INT"]
[Date "2023.08.15"]
[Round "5"]
[White "Golubev, Mikhail"]
[Black "Khalikov, Bulat"]
[Result "0-1"]
[WhiteElo "2461"]
[BlackElo "2171"]
[PlyCount "74"]
[EventDate "2023.08.15"]
[EventType "swiss (blitz)"]
[EventRounds "11"]
[EventCountry "USA"]
[SourceTitle "EXT 2024"]
[Source "ChessBase"]
[SourceDate "2023.10.10"]
[SourceVersion "1"]
[SourceVersionDate "2023.10.10"]
[SourceQuality "1"]

1. e4 e5 2. Nf3 Nc6 3. Bc4 Bc5 4. c3 Nf6 5. d4 exd4 6. cxd4 Bb4+ 7. Nbd2 Nxe4 8. d5 Ne7 9. 0-0 Nxd2 10. Nxd2 0-0 11. a3 Ba5 12. b4 Bb6 13. Bb2 d6 14. Bd3 Bf5 15. Bxf5 Nxf5 16. Qg4 g6 17. Ne4 Bd4 18. Bxd4 Nxd4 19. Qd1 Nf5 20. g4 Ng7 21. Qd4 f5 22. gxf5 Nxf5 23. Qc3 Nh4 24. f4 Qd7 25. Kh1 Qg4 26. Rf2 Qf5 27. Qd4 Rae8 28. Ng3 Qh3 29. Rg1 Nf5 30. Nxf5 Rxf5 31. Qc4 Re7 32. Rgf1 Qe3 33. Rf3 Qe4 34. Qb5 Rxf4 35. Kg2 Rxf3 36. Rxf3 Rf7 37. Qf1 Qxd5 0-1

[Event "Titled Tuesday intern op 15th Aug Late"]
[Site "Chess.com INT"]
[Date "2023.08.15"]
[Round "3"]
[White "Khalikov, Bulat"]
[Black "Martinez, Ayelen"]
[Result "1-0"]
[WhiteElo "2171"]
[BlackElo "2099"]
[PlyCount "63"]
[EventDate "2023.08.15"]
[EventType "swiss (blitz)"]
[EventRounds "11"]
[EventCountry "USA"]
[SourceTitle "EXT 2024"]
[Source "ChessBase"]
[SourceDate "2023.10.10"]
[SourceVersion "1"]
[SourceVersionDate "2023.10.10"]
[SourceQuality "1"]

1. e4 c5 2. Nf3 d6 3. d4 cxd4 4. Nxd4 Nf6 5. Nc3 a6 6. Bg5 Nbd7 7. Qe2 Qc7 8. 0-0-0 h6 9. Bh4 b5 10. f4 Bb7 11. a3 Rc8 12. Kb1 e6 13. g4 Be7 14. Rg1 g5 15. fxg5 hxg5 16. Bxg5 Nxe4 17. Nxe4 Bxe4 18. Bxe7 d5 19. Bb4 Rxh2 20. Bg2 e5 21. Rh1 exd4 22. Bxe4 Rxe2 23. Rh8+ Nf8 24. Rxf8+ Kd7 25. Rxf7+ Kc6 26. Rxc7+ Rxc7 27. Bf5 Rf2 28. Rxd4 Re7 29. Bxe7 a5 30. Bd3 b4 31. axb4 axb4 32. Bxb4 1-0

[Event "Titled Tuesday intern op 15th Aug Late"]
[Site "Chess.com INT"]
[Date "2023.08.15"]
[Round "11"]
[White "Papayan, Oleg"]
[Black "Khalikov, Bulat"]
[Result "1/2-1/2"]
[WhiteElo "2197"]
[BlackElo "2171"]
[PlyCount "140"]
[EventDate "2023.08.15"]
[EventType "swiss (blitz)"]
[EventRounds "11"]
[EventCountry "USA"]
[SourceTitle "EXT 2024"]
[Source "ChessBase"]
[SourceDate "2023.10.10"]
[SourceVersion "1"]
[SourceVersionDate "2023.10.10"]
[SourceQuality "1"]

1. e4 e5 2. Nf3 Nc6 3. Bb5 a6 4. Bxc6 dxc6 5. 0-0 Ne7 6. Nxe5 Qd4 7. Qh5 g6 8. Nf3 Qxe4 9. Nc3 Qf5 10. Qh4 Bg7 11. Re1 Be6 12. Nd4 Qg4 13. Qxg4 Bxg4 14. Nb3 b6 15. d3 Be6 16. Ne4 0-0-0 17. Ng5 Kd7 18. Nxe6 fxe6 19. c3 c5 20. Bg5 Rde8 21. Re2 h6 22. Bf4 g5 23. Be5 Bxe5 24. Rxe5 Ng6 25. Re4 Nf4 26. g3 Nd5 27. a4 a5 28. Rae1 Rhf8 29. Kg2 Rf6 30. Nd2 Ref8 31. R1e2 Ne7 32. Nc4 Ng6 33. h3 R8f7 34. Ne3 h5 35. Rd2 Kc6 36. Re2 Rd7 37. Nc4 Re7 38. Ne5+ Nxe5 39. Rxe5 Rg6 40. R2e4 Kd6 41. Kf1 Rf7 42. Re2 Rf3 43. R5e3 Rgf6 44. Ke1 h4 45. g4 Kd7 46. Kf1 Kd6 47. Kg2 R3f4 48. b3 c6 49. f3 b5 50. c4 b4 51. Rf2 Rg6 52. Re4 Rgf6 53. Re3 Rd4 54. Rfe2 Rg6 55. Kf2 Ke7 56. Ke1 Kd6 57. Kd2 Rf6 58. Rf2 Rdf4 59. Ke2 Rd4 60. Re4 Rxe4+ 61. dxe4 Rf7 62. Ke3 e5 63. Rd2+ Kc7 64. Rd1 Rd7 65. Rxd7+ Kxd7 66. Kd3 Ke6 67. Ke3 Kf6 68. Kd3 Ke6 69. Ke3 Kf6 70. Kd3 Ke6 1/2-1/2

[Event "Titled Tuesday intern op 08th Aug Late"]
[Site "Chess.com INT"]
[Date "2023.08.08"]
[Round "11"]
[White "Pert, Richard G"]
[Black "Khalikov, Bulat"]
[Result "1-0"]
[WhiteElo "2421"]
[BlackElo "2171"]
[PlyCount "53"]
[EventDate "2023.08.08"]
[EventType "swiss (blitz)"]
[EventRounds "11"]
[EventCountry "USA"]
[SourceTitle "EXT 2024"]
[Source "ChessBase"]
[SourceDate "2023.10.10"]
[SourceVersion "1"]
[SourceVersionDate "2023.10.10"]
[SourceQuality "1"]

1. d4 d5 2. Nc3 Nf6 3. e4 Nxe4 4. Nxe4 dxe4 5. Bc4 Bf5 6. g4 Bg6 7. Ne2 e5 8. c3 exd4 9. h4 d3 10. Nf4 h6 11. Nxg6 fxg6 12. Qb3 Qc8 13. Bf7+ Kd8 14. Qd5+ Bd6 15. Bf4 Nc6 16. Be6 Qb8 17. 0-0-0 Ne7 18. Qxe4 Rf8 19. Rxd3 Ke8 20. Be5 Bxe5 21. Qxe5 Rf6 22. Re1 c6 23. Bd7+ Kf7 24. Qxe7+ Kg8 25. Be6+ Kh7 26. Rd7 Qf4+ 27. Kb1 1-0

[Event "Titled Tuesday intern op 01st Aug Late"]
[Site "Chess.com INT"]
[Date "2023.08.01"]
[Round "7"]
[White "Geivondian, Arman"]
[Black "Khalikov, Bulat"]
[Result "1-0"]
[WhiteElo "2306"]
[BlackElo "2171"]
[PlyCount "97"]
[EventDate "2023.08.01"]
[EventType "swiss (blitz)"]
[EventRounds "11"]
[EventCountry "USA"]
[SourceTitle "EXT 2024"]
[Source "ChessBase"]
[SourceDate "2023.10.10"]
[SourceVersion "1"]
[SourceVersionDate "2023.10.10"]
[SourceQuality "1"]

1. e4 e5 2. Nf3 Nc6 3. Bb5 a6 4. Ba4 Nf6 5. 0-0 Be7 6. Re1 b5 7. Bb3 d6 8. c3 0-0 9. h3 Nb8 10. d4 Nbd7 11. Nbd2 Bb7 12. Nf1 Nxe4 13. dxe5 Nxe5 14. Nxe5 dxe5 15. Qe2 Bf6 16. Bc2 Nd6 17. Ng3 g6 18. Be3 Qe7 19. Rad1 Nc4 20. Bc1 Rad8 21. b3 Nb6 22. Ne4 Rxd1 23. Rxd1 Bg7 24. Bg5 f6 25. Be3 Rd8 26. Bc5 Rxd1+ 27. Qxd1 Qd7 28. Qf3 Qc6 29. Qd3 Nd7 30. Ba3 f5 31. f3 fxe4 32. fxe4 h6 33. Qg3 Kh7 34. h4 Nf6 35. Qf3 Nxe4 36. h5 gxh5 37. Be7 Kh8 38. Qxh5 Qxc3 39. Qe8+ Kh7 40. Bxe4+ Bxe4 41. Qh5 Qe3+ 42. Kh1 Qf4 43. Qh3 Bf5 44. Qh5 e4 45. Bh4 e3 46. Kg1 e2 47. Bf2 Qc1+ 48. Kh2 Qf4+ 49. Bg3 1-0

[Event "Titled Tuesday intern op 01st Aug Early"]
[Site "Chess.com INT"]
[Date "2023.08.01"]
[Round "6"]
[White "Khalikov, Bulat"]
[Black "Gruzman, Ilya"]
[Result "1/2-1/2"]
[WhiteElo "2171"]
[BlackElo "2151"]
[PlyCount "133"]
[EventDate "2023.08.01"]
[EventType "swiss (blitz)"]
[EventRounds "11"]
[EventCountry "USA"]
[SourceTitle "EXT 2024"]
[Source "ChessBase"]
[SourceDate "2023.10.10"]
[SourceVersion "1"]
[SourceVersionDate "2023.10.10"]
[SourceQuality "1"]

1. e4 c5 2. Nf3 e6 3. d4 cxd4 4. Nxd4 Nf6 5. Nc3 Nc6 6. Ndb5 Bb4 7. a3 Bxc3+ 8. Nxc3 d5 9. exd5 exd5 10. Bd3 0-0 11. 0-0 d4 12. Ne2 Bg4 13. Bg5 Qd6 14. Qd2 Bxe2 15. Bf4 Qd7 16. Bxe2 Rfe8 17. Bf3 Ne5 18. Bxe5 Rxe5 19. Rfe1 Rae8 20. Rxe5 Rxe5 21. Re1 Rxe1+ 22. Qxe1 h6 23. Qd2 b6 24. g3 Qd6 25. Qd3 Qe5 26. Kf1 Nd5 27. Qe4 Qxe4 28. Bxe4 Nf6 29. Bf3 Nd7 30. Ke2 Ne5 31. Bd5 Kf8 32. h3 Ke7 33. f4 Nd7 34. Kd3 Nf6 35. Kxd4 Nh5 36. Kc4 Nxg3 37. Kb5 Ne2 38. f5 Nf4 39. Bh1 Nxh3 40. Ka6 Nf2 41. Bf3 Kf6 42. Kxa7 Kxf5 43. Kxb6 g5 44. a4 g4 45. Bg2 h5 46. a5 h4 47. a6 h3 48. Bxh3 gxh3 49. a7 h2 50. a8Q h1Q 51. Qxh1 Nxh1 52. c4 Ke5 53. c5 Ng3 54. c6 Ne4 55. c7 Nd6 56. Kc6 f5 57. b4 f4 58. b5 f3 59. b6 f2 60. b7 f1Q 61. b8Q Qc4+ 62. Kd7 Qe6+ 63. Kc6 Nc8+ 64. Kb7 Nd6+ 65. Kc6 Nc8+ 66. Kb7 Nd6+ 67. Kc6 1/2-1/2

[Event "Titled Tuesday intern op 01st Aug Late"]
[Site "Chess.com INT"]
[Date "2023.08.01"]
[Round "8"]
[White "Khalikov, Bulat"]
[Black "Guzman Lozano, Campo Elias"]
[Result "1-0"]
[WhiteElo "2171"]
[BlackElo "1924"]
[PlyCount "95"]
[EventDate "2023.08.01"]
[EventType "swiss (blitz)"]
[EventRounds "11"]
[EventCountry "USA"]
[SourceTitle "EXT 2024"]
[Source "ChessBase"]
[SourceDate "2023.10.10"]
[SourceVersion "1"]
[SourceVersionDate "2023.10.10"]
[SourceQuality "1"]

1. e4 c5 2. Nf3 Nc6 3. d4 cxd4 4. Nxd4 e5 5. Nb5 a6 6. Nd6+ Bxd6 7. Qxd6 Qe7 8. Qxe7+ Ngxe7 9. c3 d5 10. exd5 Nxd5 11. Bc4 Be6 12. 0-0 0-0 13. Bb3 Na5 14. Bc2 Nc4 15. Nd2 Nd6 16. Ne4 Nxe4 17. Bxe4 Rad8 18. Re1 b5 19. a4 Nb6 20. axb5 axb5 21. Ra5 Bc4 22. Be3 Nc8 23. Bc5 Rfe8 24. Bc6 Re6 25. Bxb5 Bxb5 26. Rxb5 f6 27. Kf1 Rc6 28. Ke2 Kf7 29. Rb7+ Kg6 30. b4 Ra6 31. Rd1 Ra2+ 32. Ke1 Rxd1+ 33. Kxd1 Ra8 34. Bf8 Kf5 35. Rxg7 Nb6 36. Bc5 Nc4 37. Kc2 e4 38. Rxh7 Ne5 39. h3 Ra2+ 40. Kb3 Re2 41. Bd4 Nd3 42. g4+ Ke6 43. Rh6 Ne5 44. g5 Nd7 45. g6 Re1 46. Rh4 f5 47. g7 Rg1 48. Rh8 1-0

[Event "Titled Tuesday intern op 01st Aug Early"]
[Site "Chess.com INT"]
[Date "2023.08.01"]
[Round "8"]
[White "Pham, Le Thao Nguyen"]
[Black "Khalikov, Bulat"]
[Result "1-0"]
[WhiteElo "2370"]
[BlackElo "2171"]
[PlyCount "63"]
[EventDate "2023.08.01"]
[EventType "swiss (blitz)"]
[EventRounds "11"]
[EventCountry "USA"]
[SourceTitle "EXT 2024"]
[Source "ChessBase"]
[SourceDate "2023.10.10"]
[SourceVersion "1"]
[SourceVersionDate "2023.10.10"]
[SourceQuality "1"]

1. d4 d5 2. c4 e6 3. Nf3 Nf6 4. Nc3 Bb4 5. Bg5 h6 6. Bxf6 Qxf6 7. Qa4+ Nc6 8. e3 0-0 9. a3 Bxc3+ 10. bxc3 dxc4 11. Bxc4 Bd7 12. Qc2 Na5 13. Be2 c5 14. 0-0 b6 15. Rfd1 Rfd8 16. Ne5 Rac8 17. Ba6 Rc7 18. Nxd7 Rdxd7 19. Qb2 e5 20. Bb5 Rd6 21. d5 e4 22. Qc2 c4 23. Qxe4 Qxc3 24. Rac1 Qxa3 25. Bxc4 Qa4 26. Bd3 Rxc1 27. Qh7+ Kf8 28. Rxc1 Rxd5 29. h3 Qb4 30. Bf5 Rd8 31. Qh8+ Ke7 32. Rc7+ 1-0

[Event "EU-ch Hybrid U18"]
[Site "Tornelo INT"]
[Date "2021.10.15"]
[Round "2"]
[White "Khalikov, Bulat"]
[Black "Fonseca, Pedro Miguel Ramos"]
[Result "1-0"]
[WhiteElo "2180"]
[BlackElo "1826"]
[PlyCount "63"]
[EventDate "2021.10.15"]
[EventType "swiss"]
[EventRounds "9"]
[EventCountry "NET"]
[SourceTitle "EXT 2023"]
[Source "ChessBase"]
[SourceDate "2022.10.05"]
[SourceVersion "1"]
[SourceVersionDate "2022.10.05"]
[SourceQuality "1"]
[WhiteTeam "Russia"]
[BlackTeam "Portugal"]
[WhiteTeamCountry "RUS"]
[BlackTeamCountry "POR"]

1. e4 e5 2. Nf3 Nf6 3. Nxe5 d6 4. Nf3 Nxe4 5. d4 d5 6. Bd3 Nc6 7. 0-0 Be7 8. c4 Nb4 9. Be2 Bf5 10. Nc3 Nxc3 11. bxc3 Nc6 12. Re1 0-0 13. Bf4 dxc4 14. Bxc4 Bd6 15. Ne5 Nxe5 16. Bxe5 Bxe5 17. Rxe5 Bg6 18. Qb3 b6 19. Rae1 Kh8 20. g3 f6 21. Re7 Re8 22. Rxe8+ Bxe8 23. Bd5 Rc8 24. Bb7 Rb8 25. Qa3 Bd7 26. Qxa7 c6 27. d5 c5 28. Bc6 Bxc6 29. dxc6 Ra8 30. c7 Qd5 31. Qxa8+ Qxa8 32. Rd1 1-0